| 000 | 00437cam a22001577a 4500 | ||
|---|---|---|---|
| 001 | 002262 | ||
| 003 | armpunfd | ||
| 005 | 20140612090703.0 | ||
| 008 | e0####xx#a##########000#0#und#d | ||
| 040 |
_aarmpunfd _carmpunfd |
||
| 080 | _a950-727-055-8. 237 P," | ||
| 245 | 1 | 0 | _aAdministradores de fondos de jubilaciones y pensiones |
| 260 |
_a Buenos Aires : Rubinzal Culzoni _b1994. Isbn |
||
| 942 |
_cLB _2cdu |
||
| 945 |
_aCatalis _d2010-08-19 |
||
| 999 |
_c2252 _d232756 |
||